Datum a čas kvízu
19.5
Celkem bodů
Celkový počet nahraných bodů na tomto kvízu bez doplňovacích otázek.
11.
Pořadí na kvízu
Konečné umístění týmu na tomto kvízu.
Zaznamenané odpovědi
| # | Otázka | Odpověď | Body | Výsledky |
|---|---|---|---|---|
| 1. | Vicepremiér Karel Havlíček, kt... | Ropák roku | 0 | |
| 2. | Jak se nazývá evropská země, k... | Island | 0 | |
| 3. | Minulý týden byl zveřejněn prv... | Václav Neužil | 0 | |
| 4. | Letecký dopravce easyJet v čer... | Barcelona | 0 | |
| 5. | Fotbalový obránce Theodor Gebr... | FC Slovan Liberec | 0 | |
| 6. | Toto téma vyhrálo minulý týden... | gelato, sladoled | 1 | |
| 7. | Jedna z nejoblíbenějších přích... | stracciatella | 1 | |
| 8. | Šmoulová zmrzlina je oblíbená... | Belgie | 1 | |
| 9. | Doplňte chybějící slovo do rek... | tvarohová | 1 | |
| 10. | Jeden z prvních dlouhometrážní... | Nanuk | 0 |